[Event "Joao Pessoa op"]
[Site "Joao Pessoa"]
[Date "2023.03.17"]
[Round "1"]
[White "Pereira, Francisco Neris"]
[Black "Palhano, Fabson Barbosa"]
[Result "0-1"]
[WhiteElo "1466"]
[BlackElo "1968"]
[PlyCount "114"]
[EventDate "2023.03.17"]
[EventType "swiss"]
[EventRounds "6"]
[EventCountry "BRA"]
[SourceTitle "EXT 2024"]
[Source "ChessBase"]
[SourceDate "2023.10.10"]
[SourceVersion "1"]
[SourceVersionDate "2023.10.10"]
[SourceQuality "1"]

1. d4 d5 2. c4 c6 3. Nc3 Nf6 4. Nf3 e6 5. g3 Be7 6. Bg2 0-0 7. 0-0 dxc4 8. Ne5 Nd5 9. e4 Nxc3 10. bxc3 Nd7 11. Nxc4 Nb6 12. Ne5 Bf6 13. Nd3 g6 14. e5 Bg7 15. a4 Nd5 16. Qb3 b6 17. Ba3 Re8 18. c4 Ne7 19. Bxe7 Rxe7 20. Bxc6 Bb7 21. Bxb7 Rxb7 22. d5 Rd7 23. d6 Rc8 24. Rac1 Qg5 25. f4 Qf5 26. c5 Qe4 27. Nf2 Qb7 28. Qb5 Rc6 29. cxb6 Rxb6 30. Qe2 Rb4 31. Rc4 Bf8 32. Rfc1 Qa6 33. Qc2 Rxc4 34. Qxc4 Qa5 35. Ne4 Kg7 36. Qb5 Qxb5 37. axb5 Rb7 38. Rc7 Rxb5 39. d7 Rd5 40. Nd6 Bxd6 41. d8Q Bc5+ 42. Rxc5 Rxd8 43. Ra5 Rd7 44. Ra6 h6 45. Kg2 g5 46. Kf3 Kg6 47. g4 gxf4 48. Kxf4 Rb7 49. h4 h5 50. gxh5+ Kxh5 51. Kg3 Rb3+ 52. Kf2 Kg4 53. Rxa7 Rf3+ 54. Kg2 Rf5 55. Ra4+ Rf4 56. Rxf4+ Kxf4 57. h5 Kxe5 0-1

[Event "Campina Grande 1st"]
[Site "Campina Grande"]
[Date "2019.04.12"]
[Round "8"]
[White "Palhano, Fabson Barbosa"]
[Black "Canonico, Rodrigo"]
[Result "1-0"]
[WhiteElo "1933"]
[BlackElo "1716"]
[PlyCount "79"]
[EventDate "2019.04.09"]
[EventType "tourn"]
[EventRounds "11"]
[EventCountry "BRA"]
[SourceTitle "CBM 190 Extra"]
[Source "ChessBase"]
[SourceDate "2019.07.15"]
[SourceVersion "1"]
[SourceVersionDate "2019.07.15"]
[SourceQuality "1"]

1. c4 f5 2. Nc3 Nf6 3. g3 g6 4. Bg2 Bg7 5. d3 d6 6. h4 e5 7. Bg5 c6 8. h5 Qb6 9. Na4 Qa5+ 10. Bd2 Qc7 11. h6 Bf8 12. b4 Bd7 13. Rc1 Na6 14. b5 Nc5 15. Nxc5 dxc5 16. a4 a5 17. Qb3 b6 18. Rb1 Rb8 19. Qb2 Bd6 20. f4 Kf7 21. Bc3 Rhe8 22. Nf3 Ng4 23. Ng5+ Kg8 24. Bf3 exf4 25. Bh8 Bc8 26. Bxc6 Re7 27. Bd5+ Kf8 28. Bg7+ Ke8 29. Nxh7 Ne5 30. Nf6+ Kd8 31. Kd2 Rxg7 32. h7 Rxh7 33. Rxh7 Be7 34. Rh8+ Bf8 35. Rxf8+ Ke7 36. Rh1 Kxf8 37. Rh8+ Ke7 38. Rh7+ Kxf6 39. Rxc7 fxg3 40. Rc6+ 1-0

[Event "Joao Pessoa Fischer Memorial 9th"]
[Site "Joao Pessoa"]
[Date "2018.03.18"]
[Round "5"]
[White "Jordao Barbosa, Marcio Ferre"]
[Black "Palhano, Fabson Barbosa"]
[Result "1-0"]
[WhiteElo "2050"]
[BlackElo "1921"]
[PlyCount "53"]
[EventDate "2018.03.16"]
[EventType "swiss"]
[EventRounds "6"]
[EventCountry "BRA"]
[SourceTitle "CBM 183 Extra"]
[Source "ChessBase"]
[SourceDate "2018.04.19"]
[SourceVersion "1"]
[SourceVersionDate "2018.04.19"]
[SourceQuality "1"]

1. e4 c6 2. Nf3 d5 3. Nc3 Bg4 4. h3 Bxf3 5. Qxf3 d4 6. Bc4 e6 7. Ne2 c5 8. d3 Nc6 9. Qg3 h6 10. 0-0 Qd6 11. Bf4 e5 12. Bd2 g5 13. h4 gxh4 14. Qh3 Nge7 15. f4 Rg8 16. Bxf7+ Kd8 17. fxe5 Nxe5 18. Bxg8 Nxg8 19. Nf4 Be7 20. Nd5 Qd7 21. Rf5 Ng6 22. Qg4 Qe6 23. Raf1 Kd7 24. Nc7 Ne5 25. Qg7 Kxc7 26. Rxe5 Qd6 27. Rxe7+ 1-0

[Event "Natal Potiguar op"]
[Site "Natal"]
[Date "2017.06.03"]
[Round "3"]
[White "Da Silva Tomaz, Luiz Antonio"]
[Black "Palhano, Fabson Barbosa"]
[Result "1-0"]
[WhiteElo "2093"]
[BlackElo "1940"]
[PlyCount "67"]
[EventDate "2017.06.02"]
[EventType "swiss"]
[EventRounds "6"]
[EventCountry "BRA"]
[SourceTitle "EXT 2018"]
[Source "ChessBase"]
[SourceDate "2017.10.13"]
[SourceVersion "1"]
[SourceVersionDate "2017.10.13"]
[SourceQuality "1"]

1. e4 d6 2. d4 Nf6 3. Nc3 g6 4. Nf3 Bg4 5. h3 Bxf3 6. Qxf3 Nc6 7. Be3 a6 8. 0-0-0 h5 9. e5 Ng8 10. e6 Nh6 11. Bd3 fxe6 12. Bxg6+ Kd7 13. Kb1 Kc8 14. Bxh5 Kb8 15. g4 Bg7 16. Qe4 e5 17. d5 Na7 18. g5 Ng8 19. Be2 Qd7 20. Bg4 Qe8 21. a4 Rh4 22. f3 b5 23. Bf2 Rxg4 24. Qxg4 bxa4 25. Nxa4 Qb5 26. Rd3 Qe8 27. Rb3+ Nb5 28. c4 c6 29. cxb5 axb5 30. Nc3 Qg6+ 31. Qe4 Qxg5 32. dxc6 Kc8 33. Rg1 Qd2 34. Qg4+ 1-0

[Event "Natal Potiguar op"]
[Site "Natal"]
[Date "2017.06.03"]
[Round "4"]
[White "Palhano, Fabson Barbosa"]
[Black "Borges, Caique Ferreira"]
[Result "0-1"]
[WhiteElo "1940"]
[BlackElo "1770"]
[PlyCount "124"]
[EventDate "2017.06.02"]
[EventType "swiss"]
[EventRounds "6"]
[EventCountry "BRA"]
[SourceTitle "EXT 2018"]
[Source "ChessBase"]
[SourceDate "2017.10.13"]
[SourceVersion "1"]
[SourceVersionDate "2017.10.13"]
[SourceQuality "1"]

1. c4 Nf6 2. g3 g6 3. Bg2 Bg7 4. Nf3 0-0 5. 0-0 d5 6. cxd5 Nxd5 7. Qb3 c6 8. Nc3 Qb6 9. Nxd5 cxd5 10. Qxd5 Be6 11. Qe4 Nc6 12. d3 Bf5 13. Qa4 Rac8 14. Rb1 Qb4 15. Qxb4 Nxb4 16. a3 Nxd3 17. exd3 Bxd3 18. Ra1 Bxf1 19. Kxf1 Rc2 20. Ne1 Rc7 21. Rb1 b6 22. Bf4 e5 23. Be3 f5 24. Nf3 h6 25. b3 Rd8 26. Nh4 Kf7 27. Bf3 Kf6 28. Be2 Bf8 29. a4 g5 30. Nf3 Bb4 31. Ne1 f4 32. Bc1 Kf5 33. g4+ Kf6 34. f3 Bc3 35. Bc4 Rd1 36. Bb2 Rxb1 37. Bxc3 Rxb3 38. Bxe5+ Kxe5 39. Bxb3 Kd4 40. Ke2 Kc3 41. Bc2 Re7+ 42. Be4 Kb4 43. Nc2+ Kxa4 44. Nd4 b5 45. Kd2 b4 46. Kc1 a5 47. Kb2 Rc7 48. Bc6+ Rxc6 49. Nxc6 Kb5 50. Ne5 Kc5 51. Kb3 Kd4 52. Nf7 Ke3 53. Nxh6 Kxf3 54. h3 Kg3 55. Nf7 Kxh3 56. Nxg5+ Kxg4 57. Ne4 f3 58. Kc2 Kf4 59. Kd3 a4 60. Nc5 a3 61. Kc2 Ke3 62. Nd3 f2 0-1

[Event "Natal Potiguar op"]
[Site "Natal"]
[Date "2017.06.02"]
[Round "1"]
[White "Palhano, Fabson Barbosa"]
[Black "Dos Santos, Bruna Roberta GA"]
[Result "1-0"]
[WhiteElo "1940"]
[BlackElo "1356"]
[PlyCount "57"]
[EventDate "2017.06.02"]
[EventType "swiss"]
[EventRounds "6"]
[EventCountry "BRA"]
[SourceTitle "EXT 2018"]
[Source "ChessBase"]
[SourceDate "2017.10.13"]
[SourceVersion "1"]
[SourceVersionDate "2017.10.13"]
[SourceQuality "1"]

1. d4 d5 2. Nf3 Nf6 3. Bf4 e6 4. e3 Be7 5. Bd3 Nbd7 6. c4 0-0 7. c5 c6 8. Qc2 b6 9. b4 a5 10. bxa5 Rxa5 11. cxb6 Qxb6 12. 0-0 Ba6 13. Nbd2 Bxd3 14. Qxd3 c5 15. dxc5 Rxc5 16. Rfb1 Qc6 17. Qb3 Rc8 18. h3 Bd6 19. Nd4 Qa6 20. Bxd6 Qxd6 21. Nb5 Qe7 22. a4 Ra8 23. Rc1 h6 24. Nd4 Ra6 25. Rxc5 Nxc5 26. Qb4 Qd6 27. a5 g6 28. Rc1 Nfd7 29. N4b3 1-0

[Event "Joao Pessoa Fischer Memorial 8th"]
[Site "Joao Pessoa"]
[Date "2017.03.18"]
[Round "3"]
[White "Palhano, Fabson Barbosa"]
[Black "Albuquerque, Wellington S Jr"]
[Result "0-1"]
[WhiteElo "1945"]
[BlackElo "2168"]
[PlyCount "72"]
[EventDate "2017.03.17"]
[EventType "swiss"]
[EventRounds "6"]
[EventCountry "BRA"]
[SourceTitle "CBM 177 Extra"]
[Source "ChessBase"]
[SourceDate "2017.04.27"]
[SourceVersion "1"]
[SourceVersionDate "2017.04.27"]
[SourceQuality "1"]

1. c4 b6 2. d4 Bb7 3. Nc3 e6 4. e3 Nf6 5. Nf3 Bb4 6. Bd2 0-0 7. Bd3 c5 8. a3 Bxc3 9. Bxc3 cxd4 10. Bxd4 Nc6 11. Bc3 d5 12. Qc2 dxc4 13. Bxc4 Qe7 14. 0-0 Rac8 15. Rfd1 Rfd8 16. Qe2 Ne4 17. Be1 Qf6 18. Bd3 Ne7 19. Bxe4 Bxe4 20. Bc3 Bxf3 21. Rxd8+ Rxd8 22. Bxf6 Bxe2 23. Bxe7 Rd2 24. b4 f6 25. b5 Bxb5 26. Bb4 Rc2 27. h3 e5 28. Rd1 a5 29. Rd8+ Kf7 30. Bd6 Ke6 31. Bf8 Kf7 32. Rb8 Rc6 33. Kh2 Ba6 34. Kg3 Bc8 35. Bd6 Ke6 36. Bf8 Kd7 0-1

[Event "Joao Pessoa Fischer Memorial 8th"]
[Site "Joao Pessoa"]
[Date "2017.03.17"]
[Round "2"]
[White "De Araujo, Antonio Jose"]
[Black "Palhano, Fabson Barbosa"]
[Result "0-1"]
[WhiteElo "1611"]
[BlackElo "1945"]
[PlyCount "92"]
[EventDate "2017.03.17"]
[EventType "swiss"]
[EventRounds "6"]
[EventCountry "BRA"]
[SourceTitle "CBM 177 Extra"]
[Source "ChessBase"]
[SourceDate "2017.04.27"]
[SourceVersion "1"]
[SourceVersionDate "2017.04.27"]
[SourceQuality "1"]

1. Nf3 g6 2. g3 Bg7 3. Bg2 Nf6 4. 0-0 0-0 5. d4 d6 6. c3 c6 7. Bg5 Re8 8. Bxf6 Bxf6 9. Nbd2 d5 10. Re1 Bg4 11. e4 e5 12. h3 Bxf3 13. Nxf3 dxe4 14. Rxe4 exd4 15. Rxe8+ Qxe8 16. Nxd4 Bxd4 17. Qxd4 Na6 18. Rd1 Qe2 19. Qd2 Re8 20. Bf1 Qxd2 21. Rxd2 Re1 22. Kg2 Nc5 23. b3 Ne4 24. Rd8+ Kg7 25. Rd7 Rc1 26. Rxb7 Rxc3 27. Rxa7 Nd2 28. Ra4 Rc2 29. Bc4 f5 30. Ra7+ Kf6 31. Rf7+ Ke5 32. Re7+ Kd4 33. Bg8 Ne4 34. Bxh7 Rxf2+ 35. Kg1 Rxa2 36. Bxg6 Nxg3 37. Be8 c5 38. Bb5 f4 39. Rf7 Ke4 40. Bc4 Nf5 41. Rc7 Ke5 42. Rxc5+ Kf6 43. Rc8 Kg5 44. Kf1 Ne3+ 45. Ke1 f3 46. Rc7 f2# 0-1

[Event "Joao Pessoa op 6th"]
[Site "Joao Pessoa"]
[Date "2015.03.14"]
[Round "4"]
[White "Caio, Francisco Ferreira"]
[Black "Palhano, Fabson Barbosa"]
[Result "0-1"]
[WhiteElo "1718"]
[BlackElo "1965"]
[PlyCount "62"]
[EventDate "2015.03.13"]
[EventType "swiss"]
[EventRounds "6"]
[EventCountry "BRA"]
[SourceTitle "CBM 165 Extra"]
[Source "ChessBase"]
[SourceDate "2015.04.21"]
[SourceVersion "1"]
[SourceVersionDate "2015.04.21"]
[SourceQuality "1"]

1. e4 e6 2. d4 d5 3. Nc3 Nf6 4. Bg5 Be7 5. e5 Nfd7 6. Bxe7 Qxe7 7. Qd2 a6 8. f4 c5 9. Nf3 Nc6 10. dxc5 Nxc5 11. a3 0-0 12. b4 Nd7 13. Bd3 f6 14. exf6 Qxf6 15. g3 g6 16. 0-0 Nb6 17. Ne2 Bd7 18. a4 e5 19. fxe5 Nxe5 20. Nxe5 Qxe5 21. a5 Na4 22. c4 Nb2 23. Rae1 Bh3 24. Nf4 Qd4+ 25. Qe3 Qxe3+ 26. Rxe3 Bxf1 27. Bxf1 dxc4 28. Rc3 Rac8 29. Nd5 Na4 30. Ne7+ Kg7 31. Rxc4 Rxf1+ 0-1

[Event "Joao Pessoa op 4th"]
[Site "Joao Pessoa"]
[Date "2013.03.15"]
[Round "1"]
[White "Palhano, Fabson Barbosa"]
[Black "Canuto, Kleber Jorge"]
[Result "1/2-1/2"]
[WhiteElo "1970"]
[BlackElo "1805"]
[PlyCount "23"]
[EventDate "2013.03.15"]
[EventType "swiss"]
[EventRounds "6"]
[EventCountry "BRA"]
[SourceTitle "CBM 153 Extra"]
[Source "ChessBase"]
[SourceDate "2013.04.22"]
[SourceVersion "1"]
[SourceVersionDate "2013.04.22"]
[SourceQuality "1"]

1. d4 Nf6 2. c4 g6 3. Nc3 d5 4. e3 Bg7 5. Nf3 0-0 6. Be2 c6 7. 0-0 Bg4 8. cxd5 Nxd5 9. Nxd5 cxd5 10. h3 Bxf3 11. Bxf3 e6 12. Bd2 1/2-1/2

[Event "Paraiban-ch op"]
[Site "Joao Pessoa"]
[Date "2012.08.03"]
[Round "2"]
[White "Brito, Luismar Jorge"]
[Black "Palhano, Fabson Barbosa"]
[Result "1-0"]
[WhiteElo "2275"]
[BlackElo "1971"]
[PlyCount "101"]
[EventDate "2012.08.03"]
[EventType "swiss"]
[EventRounds "6"]
[EventCountry "BRA"]
[SourceTitle "EXT 2014"]
[Source "ChessBase"]
[SourceDate "2013.11.20"]
[SourceVersion "1"]
[SourceVersionDate "2013.11.20"]
[SourceQuality "1"]

1. Nc3 d5 2. e4 dxe4 3. Nxe4 e6 4. d4 Nf6 5. Nxf6+ Qxf6 6. Nf3 h6 7. Bd3 Bd6 8. Qe2 Nc6 9. c3 Bd7 10. 0-0 Ne7 11. Ne5 Nd5 12. f4 Qe7 13. Bd2 a6 14. Rae1 c5 15. Qh5 Nf6 16. Qf3 cxd4 17. cxd4 Nd5 18. Nxd7 Kxd7 19. Be4 Qf6 20. Bc3 Nxc3 21. bxc3 Rac8 22. Bxb7 Rc7 23. Bxa6 Qf5 24. a4 Rb8 25. Bd3 Qa5 26. Bb5+ Rxb5 27. axb5 Qxb5 28. f5 Qxf5 29. Qxf5 exf5 30. Rxf5 f6 31. Rf3 h5 32. g3 Ba3 33. Rb1 Ke6 34. Rb5 Bc1 35. Rxh5 Bb2 36. Kf2 Bxc3 37. Ke3 Bb2 38. Ke4 Rc4 39. Rd3 g6 40. Rc5 Ra4 41. Rc6+ Ke7 42. Kd5 Ra7 43. Re3+ Kf7 44. Ree6 Ra5+ 45. Kc4 Rf5 46. Red6 g5 47. g4 Rf4 48. h3 Kg7 49. Rc7+ Kg6 50. Rdd7 f5 51. Rc6# 1-0

[Event "Joao Pessoa op 3rd"]
[Site "Joao Pessoa"]
[Date "2012.03.11"]
[Round "6"]
[White "Palhano, Fabson Barbosa"]
[Black "Torres, Wagner da Silva"]
[Result "1/2-1/2"]
[WhiteElo "1950"]
[BlackElo "1874"]
[PlyCount "20"]
[EventDate "2012.03.09"]
[EventType "swiss"]
[EventRounds "6"]
[EventCountry "BRA"]
[SourceTitle "CBM 147 Extra"]
[Source "ChessBase"]
[SourceDate "2012.04.24"]
[SourceVersion "1"]
[SourceVersionDate "2012.04.24"]
[SourceQuality "1"]

1. c4 e6 2. Nc3 d5 3. e3 Nf6 4. d4 Be7 5. Nf3 0-0 6. Be2 b6 7. cxd5 Nxd5 8. Bc4 Bb7 9. Nxd5 exd5 10. Bd3 h6 1/2-1/2

[Event "Joao Pessoa de Assis Memorial 2nd"]
[Site "Joao Pessoa"]
[Date "2011.09.16"]
[Round "6.3"]
[White "Patric, David Marcelino"]
[Black "Palhano, Fabson Barbosa"]
[Result "0-1"]
[WhiteElo "1836"]
[BlackElo "2007"]
[PlyCount "60"]
[EventDate "2011.09.07"]
[EventType "tourn"]
[EventRounds "7"]
[EventCountry "BRA"]
[SourceTitle "EXT 2022"]
[Source "ChessBase"]
[SourceDate "2021.10.06"]
[SourceVersion "1"]
[SourceVersionDate "2021.10.06"]
[SourceQuality "1"]

1. e4 e6 2. d4 d5 3. Nd2 c5 4. c3 Nc6 5. Bb5 Nf6 6. e5 Nd7 7. Ne2 cxd4 8. cxd4 Qb6 9. Bxc6 bxc6 10. 0-0 c5 11. Nf3 cxd4 12. Nexd4 Bc5 13. Be3 0-0 14. b4 Qxb4 15. Nc6 Qg4 16. Bxc5 Nxc5 17. Rc1 Ne4 18. Ne7+ Kh8 19. Rc7 Ba6 20. Re1 Bc4 21. Qc2 Ng5 22. Nxg5 Qxg5 23. Re3 g6 24. g3 Rae8 25. f4 Qg4 26. Kg2 d4 27. h3 Bf1+ 28. Kg1 Qxh3 29. Rf3 d3 30. Qd2 Be2 0-1

[Event "Joao Pessoa de Assis Memorial 2nd"]
[Site "Joao Pessoa"]
[Date "2011.09.07"]
[Round "1.4"]
[White "Souza, Marcos Valerio"]
[Black "Palhano, Fabson Barbosa"]
[Result "1-0"]
[WhiteElo "2029"]
[BlackElo "2007"]
[PlyCount "87"]
[EventDate "2011.09.07"]
[EventType "tourn"]
[EventRounds "7"]
[EventCountry "BRA"]
[SourceTitle "EXT 2022"]
[Source "ChessBase"]
[SourceDate "2021.10.06"]
[SourceVersion "1"]
[SourceVersionDate "2021.10.06"]
[SourceQuality "1"]

1. d4 Nf6 2. c4 g6 3. Nc3 Bg7 4. e4 d6 5. f3 0-0 6. Be3 e5 7. d5 Nh5 8. g4 Nf4 9. Nge2 Nxe2 10. Bxe2 Qh4+ 11. Bf2 Qe7 12. Qd2 a5 13. 0-0-0 Na6 14. h4 h6 15. Be3 Kh7 16. Kb1 b6 17. Bd3 Nc5 18. Bc2 Bd7 19. a3 Ra7 20. b3 Rb8 21. Nb5 Bxb5 22. cxb5 a4 23. b4 Nb3 24. Bxb3 axb3 25. Kb2 Rba8 26. Ra1 Qd7 27. Qd3 Ra4 28. Kxb3 R8a7 29. h5 g5 30. Rhc1 Bf6 31. Rc6 Qd8 32. Bc1 Qa8 33. Bb2 Kg7 34. Qc3 Bd8 35. Ka2 Kf8 36. Rc1 Ke7 37. f4 gxf4 38. g5 hxg5 39. h6 Kf6 40. Qh3 Rxb4 41. h7 Rxa3+ 42. Bxa3 Rxe4 43. h8Q+ Ke7 44. Rxc7+ 1-0